LDR 00608naa#a2200181#i#450# 001 EN\\bibl\119820 005 20260428192815.2 011 ## _a0320-3557 100 ## _a20260424b2026####ek#y0engy0150####ca 101 0# _aENG 102 ## _aRU 200 1# _aNEW RECORDS OF VAUCHERIA (XANTHOPHYCEAE) IN MONGOLIA _eJournal article 210 1# _aBorok _cPapanin Institute for Biology of Inland Waters Russian Academy of Sciences _d2026 215 ## _a4 с. 608 ## _aJournal article _2local 675 ## _aHETEROCONTAE. ЖЕЛТО-ЗЕЛЕНЫЕ ВОДОРОСЛИ. 582.259 _zENG 700 #1 _aVishnyakov _gV. S. 856 4# _aibiw.editorum.ru _u